|
|
|
|
| LEADER |
00000nas a2200000 a 4500 |
| 001 |
ssj0000070693 |
| 003 |
WaSeSS |
| 005 |
20200512172242.0 |
| 006 |
m d |
| 007 |
cr n |
| 008 |
091204c20099999ii tr pss 0 0eng c |
| 010 |
|
|
|a 2010247777
|
| 022 |
|
|
|a 0974-8245
|l 0974-777X
|y 0974-777X
|
| 035 |
|
|
|a (WaSeSS)ssj0000070693
|
| 040 |
|
|
|a FQM
|b eng
|c FQM
|d PFM
|d OCLCQ
|d OCLCF
|d OCLCO
|d EUW
|d OCLCO
|d OCLCQ
|d OCLCO
|d OCLCQ
|d WY@
|d BUF
|d OCLCA
|d MOW
|d AU@
|d OCLCO
|d WYU
|d VT2
|d WaSeSS
|
| 042 |
|
|
|a pcc
|
| 060 |
|
4 |
|a INTERNET
|
| 222 |
|
0 |
|a Journal of global infectious diseases
|b (Online)
|
| 245 |
0 |
0 |
|a Journal of global infectious diseases
|h [electronic resource].
|
| 246 |
3 |
0 |
|a JGID
|
| 260 |
|
|
|a Mumbai, India :
|b Medknow Publications Pvt. Ltd.
|
| 310 |
|
|
|a Three times a year
|
| 321 |
|
|
|a Semiannual,
|b 2009
|
| 362 |
1 |
|
|a Began with vol. 1, no. 1 (Jan.-June 2009).
|
| 506 |
|
|
|a License restrictions may limit access.
|
| 550 |
|
|
|a Official journal of the International Infectiologists Network.
|
| 588 |
|
|
|a Description based on: Vol. 1, no. 1(Jan./June 2009); title from journal home page (Publisher's Web site, viewed Dec. 2, 2009).
|
| 588 |
|
|
|a Latest issue consulted: Vol. 2, no. 1 (Jan./Apr. 2010) (PubMed Central Web site, viewed May 3, 2010).
|
| 650 |
|
0 |
|a Communicable diseases
|v Periodicals.
|
| 650 |
|
7 |
|a Communicable diseases.
|2 fast
|0 (OCoLC)fst00869883
|
| 650 |
|
2 |
|a Communicable Diseases
|v Periodicals.
|
| 655 |
|
0 |
|a Electronic journals.
|
| 710 |
2 |
|
|a International Infectiologists Network.
|
| 776 |
0 |
8 |
|i Print version:
|t Journal of global infectious diseases
|x 0974-777X
|
| 856 |
4 |
0 |
|z Full text available from Research Library: 01/01/2009 to present
|u https://search.proquest.com/publication/226482
|